Designing building in the tropics : with environmental technologies in architecture /

Bibliographic Details
Main Author: Muktadir, M. A.
Format: Book
Language:English
Published: Dhaka : Ahsanullah University of Science and Technology, c2010
Subjects:
Classic Catalogue: View this record in Classic Catalogue
LEADER 01123nam a22002657a 4500
001 33379
003 BD-DhAAL
005 20180717154005.0
008 180717t2010 bg a|||| |||| 001 0 eng d
999 |c 39819  |d 39819 
020 |a 9789843318312 
040 |a BD-DhAAL 
082 |a 720.470913  |2 22 
100 |a Muktadir, M. A.   |9 27466 
245 |a Designing building in the tropics :  |b with environmental technologies in architecture /  |c M. A. Muktadir 
260 |a Dhaka :  |b Ahsanullah University of Science and Technology,  |c c2010 
300 |a xviii, 317 pages :  |b illustrations ;  |c 24 cm 
500 |a Includes index. 
526 |a ARC 
541 |e 33379 
650 |a Architecture, Tropical  |v Designs and plans  |9 27467 
650 |a Architecture, Tropical  |9 27468 
852 |a Department of Architecture  |c General Stacks 
942 |2 ddc  |c BK 
952 |0 0  |1 1  |2 ddc  |4 0  |6 720_470913000000000_MUK  |7 0  |9 63853  |a ARC  |b ARC  |c GEN  |d 2018-07-17  |l 0  |o 720.470913 MUK  |p 3010033379  |r 2018-07-17  |t 1  |w 2018-07-17  |y BK  |x lost from the ARC department library and approved by the Dean (reasons personal books withdrawn by Hasibul Kabir Sir and Building shifting)